[Event "Luzern ol (Men)"]
[Site "Luzern"]
[Date "1982.??.??"]
[Round "12"]
[White "Garcia Gonzales, Guillermo"]
[Black "Rogers, Ian"]
[Result "1-0"]
[WhiteElo "2500"]
[BlackElo "2365"]

1.d4 Nf6 2.c4 g6 3.Nc3 d5 4.cxd5 Nxd5 5.e4 Nxc3 6.bxc3 Bg7 7.Bc4 c5 8.Ne2 Nc6
9.Be3 cxd4 10.cxd4 Qa5+ 11.Qd2 Qxd2+ 12.Kxd2 Na5 13.Bb5+ Bd7 14.Rab1 Rc8
15.Kd3 b6 16.Ba6 Rd8 17.Rhc1 f5 18.f3 fxe4+ 19.fxe4 O-O 20.Rc7 Bg4 21.Rbc1 Rd6
22.Nc3 Nc6 23.Bc4+ Kh8 24.Nb5 Ne5+ 25.Kd2 Rdd8 26.Bd5 Bd7 27.dxe5 e6 28.Bg5 Bxb5
29.Bxd8 Bh6+ 30.Kc2 Rxd8 31.Rb1 Ba6 32.Bc4 Bxc4 33.Rxc4 Bf4 34.Rc7 Rd2+ 35.Kb3 Bxe5
36.Rxa7 b5 37.Kb4 Bd4 38.Rb7 Rxa2 39.Rc1 Rb2+ 40.Ka5 Ra2+ 41.Kxb5 Rb2+ 42.Kc6 Rxb7
43.Kxb7 Be5 44.h3 Kg7 45.Re1 Bg3  1-0

[Event "Luzern ol (Men)"]
[Site "Luzern"]
[Date "1982.??.??"]
[Round "13"]
[White "Tarjan, James Edward"]
[Black "Gutman, Lev"]
[Result "1-0"]
[WhiteElo "2520"]
[BlackElo "2475"]

1.d4 Nf6 2.c4 g6 3.Nc3 d5 4.cxd5 Nxd5 5.e4 Nxc3 6.bxc3 Bg7 7.Bc4 O-O 8.Ne2 c5
9.O-O Nc6 10.Be3 Qc7 11.Rc1 Rd8 12.Qd2 Qa5 13.Rfd1 Bg4 14.Qb2 Qb6 15.Qxb6 axb6
16.f3 Bd7 17.dxc5 Ne5 18.Bb3 bxc5 19.Bxc5 Bh6 20.f4 Bg4 21.Rxd8+ Rxd8 22.fxe5 Bxe2
23.Re1 Rd2 24.Bxe7 Be3+ 25.Kh1 b5 26.e6 fxe6 27.Bxe6+ Kg7 28.e5 g5 29.Bb3 h5
30.Ba3 Bf2 31.e6 b4 32.e7 Bb5 33.Re5 bxa3 34.Rxg5+ Kf6 35.Rxb5 Re2 36.g3 h4
37.Kg2 hxg3 38.hxg3 Be1+ 39.Kf3 Rxe7 40.c4 Bd2 41.Rd5 Re3+ 42.Kf2 Bc1 43.Ra5 Rc3
44.Kg2 Kg6 45.c5 Be3 46.Rxa3 Kg5 47.Ra4 Rxc5 48.Kf3 Bg1 49.Rg4+ Kf6 50.Rc4 Rb5
51.Rc6+ Kg7 52.g4 Bd4 53.Ke4 Bf6 54.Rd6 Kg6 55.Kf3 Rb4 56.Bc2+ Kf7 57.Ra6 Bd8
58.Rd6 Bf6 59.Rd5 Rb2 60.Rc5 Be7 61.Rc6 Rb4 62.a4 Bd8 63.Rd6 Ke7 64.Ra6 Rc4
65.Bd3 Rc5 66.Ke4 Rg5 67.Kf4 Rd5 68.Be4 Bc7+ 69.Ke3 Rd1 70.g5 Rg1 71.g6 Rg5
72.Kd4 Bd6 73.Ra7+ Ke6 74.Rb7 Be5+ 75.Kc4 Rg4 76.Rb6+ Bd6 77.Kd4 Rg5 78.Rb5 Be5+
79.Rxe5+  1-0

[Event "POL-ch"]
[Site "POL"]
[Date "1982.??.??"]
[Round "?"]
[White "Panczyk, Krzysztof"]
[Black "Jasnikowski, Zbigniew"]
[Result "1-0"]
[WhiteElo "2390"]
[BlackElo "2395"]

1.d4 Nf6 2.c4 g6 3.Nc3 d5 4.cxd5 Nxd5 5.e4 Nxc3 6.bxc3 Bg7 7.Nf3 c5 8.Bb5+ Bd7
9.Bxd7+ Nxd7 10.O-O O-O 11.Rb1 b6 12.Bg5 Re8 13.Qb3 Qc7 14.Rbd1 e6 15.e5 Qc6
16.Rfe1 c4 17.Qc2 b5 18.Qd2 Nb6 19.Bh6 Nd5 20.Rc1 a5 21.a3 b4 22.axb4 axb4
23.cxb4 c3 24.Qg5 f6 25.exf6 Bxf6 26.Qg3 Nxb4 27.h4 Rac8 28.h5 Nd3 29.Ne5 Nxe5
30.dxe5 Bg7 31.Bxg7 Kxg7 32.hxg6 hxg6 33.Re3 c2 34.Qg5 Rf8 35.Rh3 Qe4 36.Qh6+ Kf7
37.Rf3+ Kg8 38.Rg3 Kf7 39.Rf3+ Kg8 40.Rg3 Kf7 41.Re3 Qg4 42.Rf3+ Kg8 43.Rg3 Qd1+
44.Kh2 Kf7 45.Rxg6  1-0

[Event "Rubinstein mem"]
[Site "Polanica Zdroj"]
[Date "1982.??.??"]
[Round "6"]
[White "Filipowicz, Andrzej"]
[Black "Popovic, Petar"]
[Result "1/2-1/2"]
[WhiteElo "2395"]
[BlackElo "2460"]

1.d4 Nf6 2.c4 g6 3.Nc3 d5 4.cxd5 Nxd5 5.e4 Nxc3 6.bxc3 Bg7 7.Nf3 c5 8.Rb1 O-O
9.Be2 Nc6 10.d5 Ne5 11.Nxe5 Bxe5 12.Rb3 Qc7 13.Qd2 Bd7 14.f4 Bg7 15.c4 e5  1/2-1/2

[Event "Reykjavik op"]
[Site "Reykjavik"]
[Date "1982.??.??"]
[Round "?"]
[White "Zaltsman, Vitaly F"]
[Black "Hansson, Dan"]
[Result "1-0"]
[WhiteElo "2405"]
[BlackElo "2260"]

1.d4 Nf6 2.c4 g6 3.Nc3 d5 4.cxd5 Nxd5 5.e4 Nxc3 6.bxc3 Bg7 7.Be3 O-O 8.Qd2 c5
9.d5 Qa5 10.Rc1 f5 11.exf5 Bxf5 12.Nf3 Nd7 13.Be2 c4 14.O-O Rac8 15.Rfd1 Nf6
16.Nd4 Qxd5 17.Nxf5 Qxf5 18.Bxa7 Ne4 19.Qe3 b5 20.Bf3 Ng5 21.Bb7 Rcd8 22.h4 Nf7
23.Be4 Rxd1+ 24.Rxd1 Qg4 25.Rb1 Qxh4 26.Rxb5 Nd6 27.Bd5+ Kh8 28.Rb8 Rxb8
29.Bxb8 Qg4 30.Bxd6 Qd1+ 31.Kh2 Qh5+ 32.Kg3 Qxd5 33.Bxe7 h5 34.Bc5 h4+ 35.Kxh4 Qh5+
36.Kg3 Be5+ 37.f4 Qg5+ 38.Kf3 Qh5+ 39.Kf2 Bxf4 40.Bd4+ Kh7 41.Qxf4 g5 42.Qf5+ Kg8
43.Qe6+ Kf8 44.Qf6+ Ke8 45.Qe6+ Kf8 46.Qxc4 Qh4+ 47.Kg1 Qe1+ 48.Qf1+  1-0

[Event "Sarajevo"]
[Site "Sarajevo"]
[Date "1982.??.??"]
[Round "?"]
[White "Kelecevic, Nedeljko"]
[Black "Smejkal, Jan"]
[Result "0-1"]
[WhiteElo "2390"]
[BlackElo "2570"]

1.d4 Nf6 2.c4 g6 3.Nc3 d5 4.cxd5 Nxd5 5.e4 Nxc3 6.bxc3 Bg7 7.Be3 c5 8.Rc1 Qa5
9.Qd2 cxd4 10.cxd4 Qxd2+ 11.Kxd2 O-O 12.Bb5 Rd8 13.Ne2 Nc6 14.Bxc6 bxc6 15.Rxc6 Bb7
16.Rc7 Bxe4 17.f3 Bf5 18.Rd1 Kf8 19.Ke1 Ke8 20.d5 Rd7 21.Rc5 Rb7 22.Nd4 Bd7
23.Nc6 Rc8 24.Kf1 a6 25.Rdc1 e6 26.d6 Bb2 27.R1c2 Ba3 28.R5c3 Bxd6 29.Bd4 Bxh2
30.Be5 Bxe5 31.Nxe5 Rxc3 32.Rxc3 f6 33.Ng4 Ke7 34.a3 h5 35.Nf2 g5 36.Ne4 h4
37.Kg1 Bb5 38.Rc8 Rd7 39.Rh8 Rd1+ 40.Kh2 Bd3 41.Rh7+ Kd8 42.Rh8+ Ke7 43.Rh7+ Kf8
44.Rd7 Bc2 45.Nxf6 Rxd7 46.Nxd7+ Ke7 47.Nc5 a5 48.g3 a4 49.gxh4 gxh4 50.Kh3 Kd6
51.Na6 Bf5+ 52.Kxh4 Kd5  0-1

[Event "URS-ch sf"]
[Site "Severodonetsk"]
[Date "1982.??.??"]
[Round "?"]
[White "Anikaev, Yuri N"]
[Black "Karasev, Vladimir I"]
[Result "1-0"]
[WhiteElo "2465"]
[BlackElo "2390"]

1.d4 Nf6 2.c4 g6 3.Nc3 d5 4.cxd5 Nxd5 5.e4 Nxc3 6.bxc3 Bg7 7.Nf3 c5 8.Be3 Qa5
9.Qd2 Nc6 10.Rc1 cxd4 11.cxd4 Qxd2+ 12.Kxd2 O-O 13.d5 Rd8 14.Ke1 Nb4 15.a3 Na6
16.Nd4 e6 17.Bxa6 bxa6 18.Nc6 Rd7 19.dxe6 fxe6 20.Rc2 Bb7 21.Ke2 Rc7 22.Rhc1 Bf8
23.Rc3 Bxa3 24.Na5 Rxc3 25.Rxc3 Bb4 26.Rb3 Bxa5 27.Rxb7 Bb6 28.Bxb6 axb6
29.Rxb6 a5 30.Rxe6 a4 31.Rb6 a3 32.Rb1 a2 33.Ra1 Kf7 34.Kd3 Ke6 35.Kc3 Ke5
36.f3 g5 37.Kb3 Rb8+ 38.Kxa2 g4 39.Rb1 Ra8+ 40.Kb3 gxf3 41.gxf3 Rf8 42.Rf1 Rc8
43.Kb4 h5 44.h4 Kf4 45.Kb5 Ke3 46.e5 Ke2 47.Rg1 Kxf3 48.e6 Re8 49.Rg6 Kf4
50.Kc6 Kf5 51.Kd7 Ra8 52.Rh6 Ra7+ 53.Ke8 Kg4 54.e7 Kxh4 55.Rg6 Kh3 56.Kf8 Ra8+
57.e8=Q Rxe8+ 58.Kxe8 h4 59.Ke7 Kh2 60.Kf6 h3 61.Kf5 Kh1 62.Kg4 h2 63.Kg3  1-0

[Event "URS-ch sf"]
[Site "Severodonetsk"]
[Date "1982.??.??"]
[Round "?"]
[White "Dolmatov, Sergey"]
[Black "Gavrikov, Viktor"]
[Result "1/2-1/2"]
[WhiteElo "2590"]
[BlackElo "2430"]

1.d4 Nf6 2.c4 g6 3.Nc3 d5 4.cxd5 Nxd5 5.e4 Nxc3 6.bxc3 Bg7 7.Nf3 c5 8.Rb1 O-O
9.Be2 Nc6 10.d5 Ne5 11.Nxe5 Bxe5 12.Qd2 e6 13.f4 Bg7 14.d6 e5 15.O-O exf4
16.Qxf4 Qa5 17.Bg4 Bxg4 18.Qxg4 Qxc3 19.Rd1 Rad8 20.Bg5 Bd4+ 21.Kh1 Rxd6
22.Be7 h5 23.Qe2 Rd7 24.Bxf8 Kxf8 25.Rb3 Qa5 26.Rf1 Kg7 27.Rbf3 Qc7 28.Qc4 f6
29.g4 hxg4 30.Rg3 Be5 31.Rxg4 Rd2 32.Rg2 Rxg2 33.Kxg2 Bxh2 34.Qe6 Be5 35.Rd1 Qa5
36.Rd7+ Kh6 37.Qh3+ Kg5 38.Qe3+ Bf4 39.Rd5+ f5 40.Qf2 Qb4 41.exf5 Qe4+ 42.Qf3 Qc2+
43.Qf2 Qe4+ 44.Qf3  1/2-1/2

[Event "URS-ch sf"]
[Site "Severodonetsk"]
[Date "1982.??.??"]
[Round "?"]
[White "Anikaev, Yuri N"]
[Black "Tseshkovsky, Vitaly"]
[Result "1/2-1/2"]
[WhiteElo "2465"]
[BlackElo "2595"]

1.d4 Nf6 2.c4 g6 3.Nc3 d5 4.cxd5 Nxd5 5.e4 Nxc3 6.bxc3 Bg7 7.Nf3 c5 8.Be3 Qa5
9.Qd2 O-O 10.Rc1 cxd4 11.cxd4 Qxd2+ 12.Nxd2 e6 13.Nb3 a5 14.Bb5 Bd7 15.Bxd7 Nxd7
16.Rc7 Nf6 17.f3 b5 18.Ke2 Rfb8 19.Rb1 Bf8 20.Rc6 b4 21.d5 Ne8 22.dxe6 fxe6
23.e5 Rb7 24.Nd4  1/2-1/2

[Event "URS-ch sf"]
[Site "Severodonetsk"]
[Date "1982.??.??"]
[Round "?"]
[White "Andrianov, Nikolai"]
[Black "Tseitlin, Mark D"]
[Result "1-0"]
[WhiteElo "2435"]
[BlackElo "2455"]

1.d4 Nf6 2.c4 g6 3.Nc3 d5 4.cxd5 Nxd5 5.e4 Nxc3 6.bxc3 Bg7 7.Nf3 c5 8.Rb1 O-O
9.Be2 Nc6 10.d5 Ne5 11.Nxe5 Bxe5 12.Qd2 e6 13.f4 Bg7 14.c4 exd5 15.cxd5 Bd4
16.Bb2 f5 17.Bxd4 cxd4 18.Qxd4 fxe4 19.O-O Qd6 20.Qe5 Qa3 21.d6 Qxa2 22.Rfc1 b5
23.Bxb5 Be6 24.Rb2 Qd5 25.Bc4 Qxc4 26.Rxc4 Bxc4 27.Rb7 Bf7 28.Re7 a5 29.d7 e3
30.Qf6 Rab8 31.h3 e2 32.Kf2 h5 33.Rxf7 Rxf7 34.Qxg6+  1-0

[Event "URS-ch sf"]
[Site "Severodonetsk"]
[Date "1982.??.??"]
[Round "?"]
[White "Anikaev, Yuri N"]
[Black "Malaniuk, Vladimir P"]
[Result "0-1"]
[WhiteElo "2465"]
[BlackElo "2430"]

1.d4 Nf6 2.c4 g6 3.Nc3 d5 4.cxd5 Nxd5 5.e4 Nxc3 6.bxc3 Bg7 7.Bc4 O-O 8.Ne2 Nc6
9.e5 Na5 10.Bd3 c5 11.Be3 Be6 12.Nf4 Bc4 13.h4 cxd4 14.cxd4 h6 15.Rc1 Bxd3
16.Qxd3 Nc6 17.Qd2 e6 18.Ne2 Qd5 19.O-O Rfd8 20.Qb2 Rd7 21.Nc3 Qa5 22.Ne4 Qd5
23.Nc3 Qa5 24.Ne4 Qb6 25.Qxb6 axb6 26.Nd6 Rxa2 27.Rb1 Ra6 28.Rfc1 Bf8 29.Nc8 Nxd4
30.Kf1 Bc5 31.Nd6 Bxd6 32.Bxd4 Bc7 33.Rc4 Ra2 34.g3 g5 35.hxg5 hxg5 36.Be3 Bxe5
37.Rxb6 Bxg3 38.Rg4 Bh4 39.Rgb4 Rd1+ 40.Kg2 Bxf2  0-1

[Event "Sochi"]
[Site "Sochi"]
[Date "1982.??.??"]
[Round "4"]
[White "Ftacnik, Lubomir"]
[Black "Dvoirys, Semen I"]
[Result "0-1"]
[WhiteElo "2535"]
[BlackElo "2470"]

1.d4 Nf6 2.c4 g6 3.Nc3 d5 4.cxd5 Nxd5 5.e4 Nxc3 6.bxc3 Bg7 7.Bc4 c5 8.Ne2 Nc6
9.Be3 O-O 10.O-O Qc7 11.Rc1 Rd8 12.Qd2 Ne5 13.Bb3 c4 14.Bc2 Ng4 15.Bf4 e5
16.Bg3 Qa5 17.Bh4 Rxd4 18.Nxd4 exd4 19.h3 Ne5 20.f4 Nd3 21.Bxd3 dxc3 22.Qe2 cxd3
23.Qxd3 b5 24.Qd5 Qb6+ 25.Bf2 Bb7 26.Bxb6 Bxd5 27.Ba5 Bd4+ 28.Kh1 Bxa2 29.Bxc3 Bxc3
30.Rxc3 Bc4 31.Rfc1 a5 32.Rxc4 bxc4 33.Rxc4 a4 34.Kg1 a3 35.Rc1 a2 36.Ra1 Kf8
37.Kf2 Ke7 38.Ke3 Kd6 39.Kd4 Ra4+ 40.Kc3 Kc5 41.g4 h6 42.f5 Kd6 43.Kb3 Ra7
44.Kc3 Ke5 45.Kb2 Ra6 46.fxg6 fxg6 47.h4 Kxe4 48.g5 hxg5 49.hxg5 Kf4  0-1

[Event "Varna"]
[Site "Varna"]
[Date "1982.??.??"]
[Round "1"]
[White "Garkov, Mitko"]
[Black "Donchev, Dimitar I"]
[Result "1/2-1/2"]
[WhiteElo "2375"]
[BlackElo "2430"]

1.d4 Nf6 2.c4 g6 3.Nc3 d5 4.cxd5 Nxd5 5.e4 Nxc3 6.bxc3 Bg7 7.Bc4 O-O 8.Ne2 b6
9.h4 Nc6 10.h5 Na5 11.Bd3 c5 12.hxg6 hxg6 13.e5 cxd4 14.cxd4 Be6 15.Be3 Bc4
16.Nf4 Qd7 17.Bxc4 Nxc4 18.e6 Qc6 19.O-O Qe4 20.Qb1 Qxb1 21.Raxb1 Rfd8 22.d5 Be5
23.exf7+ Kxf7 24.Rbd1 Rh8 25.Nh3 Rh4 26.Ng5+ Kf8 27.Nf3 Re4 28.Bd4 Bxd4 29.Nxd4 Kf7
30.Nc6 Ne5 31.Nxe5+ Rxe5 32.d6 Rd8 33.dxe7 Rxd1 34.Rxd1 Re2 35.a4 Kxe7 36.Rd4 Rb2
37.Rc4 Ke6 38.Rc6+ Kf5 39.a5 Rb5 40.axb6 axb6 41.g4+ Kxg4 42.Rxg6+ Kf5 43.Rc6 Ke4
44.Kg2 Rg5+ 45.Kh2 b5 46.Kh3 Rf5 47.Kg3 Rf3+ 48.Kg2 Rb3 49.Rb6 Rb1 50.f3+ Kf4
51.Rf6+ Ke5 52.Rb6 b4  1/2-1/2

[Event "Varna"]
[Site "Varna"]
[Date "1982.??.??"]
[Round "5"]
[White "Nogueiras, Jesus"]
[Black "Donchev, Dimitar I"]
[Result "1-0"]
[WhiteElo "2495"]
[BlackElo "2430"]

1.d4 Nf6 2.c4 g6 3.Nc3 d5 4.cxd5 Nxd5 5.e4 Nxc3 6.bxc3 Bg7 7.Nf3 c5 8.Rb1 O-O
9.Be2 Bg4 10.O-O cxd4 11.cxd4 Bxf3 12.Bxf3 Qxd4 13.Qxd4 Bxd4 14.Rxb7 Nc6
15.Ba3 Rfb8 16.Rc7 Rc8 17.Rxc8+ Rxc8 18.Rc1 e6 19.Rc2 Bb6 20.e5  1-0

[Event "Vinkovci"]
[Site "Vinkovci"]
[Date "1982.??.??"]
[Round "5"]
[White "Cebalo, Miso"]
[Black "Plachetka, Jan"]
[Result "1/2-1/2"]
[WhiteElo "2495"]
[BlackElo "2435"]

1.d4 Nf6 2.c4 g6 3.Nc3 d5 4.cxd5 Nxd5 5.e4 Nxc3 6.bxc3 Bg7 7.Be3 c5 8.Qd2 Qa5
9.Rc1 cxd4 10.cxd4 Qxd2+ 11.Kxd2 O-O 12.Bb5 Rd8 13.Ne2 Nc6 14.Bxc6 bxc6 15.Rxc6 Bb7
16.Rc7 Bxe4 17.f3 Bd5 18.Rxe7 Bxa2  1/2-1/2

[Event "Hoogovens-B"]
[Site "Wijk aan Zee"]
[Date "1982.??.??"]
[Round "9"]
[White "Ligterink, Gert"]
[Black "Vlam, Horatio"]
[Result "1/2-1/2"]
[WhiteElo "2455"]
[BlackElo "2270"]

1.d4 Nf6 2.c4 g6 3.Nc3 d5 4.cxd5 Nxd5 5.e4 Nxc3 6.bxc3 Bg7 7.Nf3 c5 8.Be3 Bg4
9.Qa4+ Nc6 10.Ne5 Bd7 11.Nxd7 Qxd7 12.Bb5 O-O 13.O-O a6 14.Bxc6 Qxc6 15.Qxc6 bxc6
16.dxc5 Rab8 17.Rab1 Rb5 18.a4 Ra5 19.Rb4 Rd8 20.Rfb1 h5 21.Rb8 Rxb8 22.Rxb8+ Kh7
23.Rb4 Bh6 24.Bxh6 Kxh6 25.Rc4 f5 26.f3 fxe4 27.fxe4 Kg5 28.Kf2 Kf4 29.Ke2 h4
30.Kd3 e5 31.Ke2 Kg4 32.Ke3 h3 33.g3 Kg5 34.Kf3 Kh5 35.Ke2 Kg5 36.Kd3 Kg4
37.Ke3 Kg5 38.Kf3 Kh5 39.Kf2 Kg5 40.Ke2 Kg4 41.Ke3  1/2-1/2

[Event "Yerevan"]
[Site "Yerevan"]
[Date "1982.??.??"]
[Round "7"]
[White "Farago, Ivan"]
[Black "Pribyl, Josef"]
[Result "1-0"]
[WhiteElo "2485"]
[BlackElo "2425"]

1.d4 Nf6 2.c4 g6 3.Nc3 d5 4.cxd5 Nxd5 5.e4 Nxc3 6.bxc3 Bg7 7.Bc4 c5 8.Ne2 Nc6
9.Be3 O-O 10.O-O cxd4 11.cxd4 Bg4 12.f3 Na5 13.Bd3 Be6 14.d5 Bxa1 15.Qxa1 f6
16.Rb1 b6 17.Bh6 Re8 18.Nf4 Bf7 19.e5 e6 20.Bb5 exd5 21.Bxe8 Bxe8 22.Rd1 Nc6
23.Rxd5 Qe7 24.exf6 Qe3+ 25.Kh1 Bf7 26.Rd6 Re8 27.h3 Nb4 28.Qd4 Qxd4 29.Rxd4 Nxa2
30.Rd7 a5 31.h4 Nb4 32.Nh3 Nc6 33.Ng5 Ne5 34.Ra7 Rd8 35.Kh2 Nd7 36.Ne4 Be6
37.Be3 Bf5 38.Bg5 Rf8 39.Bh6 Rf7 40.Ra8+ Nf8 41.g4 Bd7 42.g5 Bc6 43.Rc8 Bb7
44.Rd8 a4 45.Nd6 a3 46.Nxf7 Kxf7 47.Rxf8+ Ke6 48.Re8+  1-0

[Event "Yerevan zt"]
[Site "Yerevan"]
[Date "1982.??.??"]
[Round "9"]
[White "Gavrikov, Viktor"]
[Black "Romanishin, Oleg M"]
[Result "0-1"]
[WhiteElo "2430"]
[BlackElo "2580"]

1.d4 Nf6 2.c4 g6 3.Nc3 d5 4.cxd5 Nxd5 5.e4 Nxc3 6.bxc3 Bg7 7.Be3 c5 8.Rc1 O-O
9.Nf3 Qa5 10.Qd2 Bg4 11.d5 Bxf3 12.gxf3 Nd7 13.c4 Qc7 14.Bh3 Rab8 15.Bxd7 Qxd7
16.Bxc5 b5 17.Qe3 bxc4 18.O-O Rbc8 19.Rxc4 Qh3 20.e5 Bh6 21.Qe4 f5 22.exf6 Rxf6
23.Be3 Rxc4 24.Qxc4 Bf8 25.Rb1 Rf7 26.Rb7 Qxf3 27.Qb3 a5 28.Ra7 h5 29.Bb6 Qf6
30.Rxa5 Kh7 31.Rb5 Bh6 32.Qc2 Bf4 33.h3 Qh4 34.Qd3 Bd6 35.Rb1 Rf5 36.Rd1 Qa4
37.Rd2 Qf4 38.Kf1 Qh2 39.Ke2 Re5+ 40.Kd1 Bb4 41.Bc7 Qg1+ 42.Kc2 Re1 43.Rd1 Qxf2+
44.Kb1 Bc3  0-1

[Event "Valby SK"]
[Site "Valby"]
[Date "1983.05.19"]
[Round "6"]
[White "Auchenberg, Per"]
[Black "Poulsen, Allan"]
[Result "1/2-1/2"]
[WhiteElo "2240"]
[BlackElo "2340"]

1.d4 Nf6 2.c4 g6 3.Nc3 d5 4.cxd5 Nxd5 5.e4 Nxc3 6.bxc3 Bg7 7.Be3 c5 8.Nf3 Nc6
9.Qd2 Qa5 10.Rc1 cxd4 11.cxd4 Qxd2+ 12.Kxd2 O-O 13.Bb5 Rd8 14.Bxc6 bxc6 15.Rc5 f5
16.Ne5 f4 17.Bxf4 Rxd4+ 18.Ke3 Ra4 19.Rhc1 Ra3+ 20.R1c3 Rxa2 21.Rxc6 Ba6
22.Rc2 Ra3+ 23.R2c3 Ra4 24.Rc7 Bf6 25.Rb3 Bf1 26.Ng4 g5 27.Nxf6+ exf6 28.Bd6 Rd8
29.Be7 Re8 30.Bxf6 Raxe4+ 31.Kd2 R4e6 32.Bxg5 Rd6+ 33.Kc3 Rd3+ 34.Kb2 Re2+
35.Ka3 Rxb3+ 36.Kxb3 Rxf2 37.Rxa7 Rxg2 38.h4 Rg4 39.Ra8+ Kg7 40.Ra7+ Kg6
41.Ra8 Bg2 42.Rg8+ Kh5 43.Rh8  1/2-1/2

[Event "OHRA"]
[Site "Amsterdam"]
[Date "1983.??.??"]
[Round "?"]
[White "Grooten, Herman"]
[Black "Hresc, Vladimir"]
[Result "0-1"]
[WhiteElo "2340"]
[BlackElo "2450"]

1.d4 Nf6 2.c4 g6 3.Nc3 d5 4.cxd5 Nxd5 5.e4 Nxc3 6.bxc3 Bg7 7.Nf3 O-O 8.Rb1 c5
9.Be2 Qa5 10.Rb5 Qxc3+ 11.Bd2 Qa3 12.Ra5 Qb2 13.Rxc5 Qxa2 14.Qc1 Bg4 15.Bc4 Qa4
16.Bb5 Qb3 17.Bc4 Qb6 18.Ba5 Qf6 19.Ne5 Be6 20.Rc7 Nc6 21.Nxc6 bxc6 22.O-O Bxc4
23.Qxc4 Qxd4 24.Qxc6 e6 25.g3 h5 26.Rc1 Qd3 27.Bb4 Rfd8 28.Be7 Rdb8 29.Kg2 a5
30.Rc4 a4 31.Rxa4 Rxa4 32.Qxa4 Rb1 33.Bf6 Qf1+ 34.Kf3 Rd1 35.Qa8+ Kh7 36.Rxf7 Rd3+
37.Kf4 Qc1+ 38.Ke5 Qc5+ 39.Kf4 g5+  0-1

[Event "OHRA"]
[Site "Amsterdam"]
[Date "1983.??.??"]
[Round "?"]
[White "De Boer, Gert Jan"]
[Black "Henley, Ron W"]
[Result "1/2-1/2"]
[WhiteElo "2330"]
[BlackElo "2525"]

1.d4 Nf6 2.c4 g6 3.Nc3 d5 4.cxd5 Nxd5 5.e4 Nxc3 6.bxc3 Bg7 7.Bc4 c5 8.Ne2 O-O
9.O-O cxd4 10.cxd4 Nc6 11.Be3 Na5 12.Bd3 b6 13.Rc1 e6 14.Qd2 Bb7 15.h4 Nc6
16.Bb5 Ne7 17.f3 Rc8 18.Bh6 a6 19.Ba4 b5 20.Bb3 Qd6 21.h5 Nc6 22.Bxg7 Kxg7
23.Kf2 Qe7 24.Rh1 g5 25.h6+ Kh8 26.d5 Ne5 27.dxe6 Rcd8 28.Qc3 Qf6 29.Rcd1 fxe6
30.Kg3 Rc8 31.Qd4 a5 32.a4 bxa4 33.Bxa4 Ba6 34.Rhe1 Nd3 35.Rxd3 e5 36.Qd6 Bxd3
37.Qxd3 Qxh6 38.Kf2 g4 39.Qd5 Qb6+ 40.Kg3 gxf3 41.Qxe5+ Rf6 42.gxf3 Rg8+
43.Kh3 Qe6+ 44.Qxe6 Rxe6 45.Ng3 Rh6+ 46.Kg2 Rhg6 47.Kf2 Rxg3 48.e5 Rg2+ 49.Ke3 Rg1
50.Re2 R8g2 51.Rxg2 Rxg2 52.f4 h5 53.f5 Rg3+ 54.Kf2 Rg5 55.Bd7 a4 56.f6 Rxe5
57.Bxa4 Kg8 58.Bb3+ Kh7 59.Kg2 Re2+ 60.Kf3 Rb2 61.Bd5 Rb6 62.f7 Kg7 63.Kg3 Rd6
64.Bc4 Rd4 65.Be6 Re4 66.Bd5 Re5 67.Ba2  1/2-1/2

[Event "Baku"]
[Site "Baku"]
[Date "1983.??.??"]
[Round "?"]
[White "Cvitan, Ognjen"]
[Black "Mikhalchishin, Adrian"]
[Result "1/2-1/2"]
[WhiteElo "2410"]
[BlackElo "2465"]

1.d4 Nf6 2.c4 g6 3.Nc3 d5 4.cxd5 Nxd5 5.e4 Nxc3 6.bxc3 Bg7 7.Nf3 c5 8.Rb1 O-O
9.Be2 Nc6 10.d5 Ne5 11.Nxe5 Bxe5 12.Qd2 e6 13.f4 Bg7 14.c4 Re8 15.e5 f6 16.d6 fxe5
17.Bb2 exf4 18.Bxg7 Kxg7 19.O-O Rf8 20.Rxf4 Rxf4 21.Qxf4 Qf6 22.Qe3 b6 23.Qe4 Rb8
24.Qc6 Qd8 25.Rd1 Rb7 26.Bf3 Rf7 27.Qa8 h5 28.h3 Qf8 29.a4 Qh8 30.a5 Bd7
31.Qxa7 Ba4 32.axb6 Rxa7 33.bxa7 Bxd1 34.a8=Q Qxa8 35.Bxa8 Ba4 36.h4 Kf6
37.Be4 e5 38.Kf2 Bd7 39.Ke3 Be6 40.g3 Bf5 41.Bd5  1/2-1/2

[Event "Bayamo"]
[Site "Bayamo"]
[Date "1983.??.??"]
[Round "?"]
[White "Rivas Pastor, Manuel"]
[Black "Sisniega, Marcel"]
[Result "1/2-1/2"]
[WhiteElo "2465"]
[BlackElo "2455"]

1.d4 Nf6 2.c4 g6 3.Nc3 d5 4.cxd5 Nxd5 5.e4 Nxc3 6.bxc3 Bg7 7.Nf3 c5 8.Be3 Qa5
9.Qd2 O-O 10.Rb1 cxd4 11.cxd4 Nc6 12.Bd3 f5 13.Qxa5 Nxa5 14.Ke2 fxe4 15.Bxe4 Bf5
16.Bxf5 Rxf5 17.Rhc1 Rd5 18.Rc7 Bf6 19.a4 Rad8 20.Bd2 Nc6 21.Rbxb7 Nxd4+
22.Nxd4 Rxd4 23.Bc3 Re4+ 24.Kf3 Rxa4 25.Bxf6 Rf8 26.Rxe7 Rxf6+ 27.Kg3 h5
28.f3 Raa6 29.Kh4 Rf5 30.Re8+ Rf8 31.Rxf8+ Kxf8 32.Kg5 Ra2 33.g4 hxg4 34.fxg4 Rxh2
35.Kxg6 a5 36.g5 a4 37.Ra7 Ra2 38.Ra8+ Ke7 39.Kh7 a3 40.g6 Rh2+ 41.Kg8  1/2-1/2

[Event "Bayamo"]
[Site "Bayamo"]
[Date "1983.??.??"]
[Round "?"]
[White "Vera, Reynaldo"]
[Black "Sisniega, Marcel"]
[Result "1/2-1/2"]
[WhiteElo "2420"]
[BlackElo "2455"]

1.d4 Nf6 2.c4 g6 3.Nc3 d5 4.cxd5 Nxd5 5.e4 Nxc3 6.bxc3 Bg7 7.Rb1 c5 8.Nf3 O-O
9.Be2 Qa5 10.O-O Qxc3 11.Rb3 Qa5 12.Rb5 Qxa2 13.Rxc5 Na6 14.Bc4 Qa1 15.Rb5 Nc7
16.Rb2 Be6 17.Bxe6 Nxe6 18.Rxb7 Nxd4 19.Nxd4 Qxd4 20.Qxd4 Bxd4 21.Be3 Bxe3
22.fxe3 a5 23.Ra1 Ra6 24.Rxe7 a4 25.Rd7 a3 26.Rd3 a2 27.Rd2 Rfa8 28.Kf2 Kf8
29.Kf3 Ke7 30.g3 Ke6 31.g4 h6 32.h3 Ra4 33.Kf2 R8a5 34.Kf3 Ra6 35.Kf2 Ke5
36.Kf3 R4a5 37.Rc2 h5 38.gxh5 gxh5 39.Rd2 h4 40.Rc2 Rf6+ 41.Kg2 Rg6+ 42.Kf2 Rga6
43.Kf3 Ra4 44.Rc5+ Ke6 45.Rc2 R6a5 46.Rd2 f6 47.Rc2 Ra3 48.Rc6+ Ke5 49.Rc2 R5a4
50.Rc5+ Ke6 51.Rc2 Ra5 52.Rc6+ Kd7 53.Rc2 Ke6 54.Rc6+ Kf7 55.Rc2 Rg5 56.Kf4 Rg3
57.Re2 Rxh3 58.Raxa2 Rhxe3 59.Rxe3 Rxa2 60.Rh3  1/2-1/2

[Event "Bratislava"]
[Site "Bratislava"]
[Date "1983.??.??"]
[Round "4"]
[White "Knaak, Rainer"]
[Black "Jansa, Vlastimil"]
[Result "1-0"]
[WhiteElo "2490"]
[BlackElo "2445"]

1.d4 Nf6 2.c4 g6 3.Nc3 d5 4.cxd5 Nxd5 5.e4 Nxc3 6.bxc3 Bg7 7.Bc4 c5 8.Ne2 O-O
9.O-O Nc6 10.Be3 b6 11.Rc1 Bb7 12.Bb5 Na5 13.d5 e6 14.c4 Qe7 15.Nf4 exd5
16.exd5 Rad8 17.Re1 Qf6 18.Qd2 Qf5 19.Qe2 Bc8 20.Qd2 Nb7 21.Ne2 h6 22.Ng3 Qg4
23.Bxh6 Bxh6 24.Qxh6 Nd6 25.Re5 Bd7 26.Nh5  1-0

[Event "Bratislava"]
[Site "Bratislava"]
[Date "1983.??.??"]
[Round "8"]
[White "Portisch, Ferenc"]
[Black "Smejkal, Jan"]
[Result "1/2-1/2"]
[WhiteElo "2435"]
[BlackElo "2560"]

1.d4 Nf6 2.c4 g6 3.Nc3 d5 4.cxd5 Nxd5 5.e4 Nxc3 6.bxc3 Bg7 7.Nf3 c5 8.Bb5+ Nc6
9.O-O cxd4 10.cxd4 O-O 11.Bxc6 bxc6 12.Ba3 Bg4 13.Bc5 Re8 14.Rb1 Qd7 15.Rb4 a5
16.Ra4 Qb7 17.h3 Bxf3 18.Qxf3 e5 19.Rc1 exd4 20.Bxd4 Bxd4 21.Rxd4 Qb2 22.Qc3 Qxa2
23.Ra1 Qe2 24.Qxc6 Rac8 25.Qf6 Rxe4 26.Rd7 Rf8 27.Ra7 Re5 28.Qb6 Rb5 29.Qc7 Rf5
30.Qb6 Rb5 31.Qc7 Rb2 32.Qc5 Rc2 33.Qb6 Rb2 34.Qc5 Rc2 35.Qb6 Rfc8 36.R7xa5 R2c6
37.Qd4 Rc4  1/2-1/2

[Event "Bratislava"]
[Site "Bratislava"]
[Date "1983.??.??"]
[Round "8"]
[White "Pribyl, Josef"]
[Black "Ghinda, Mihail Viorel"]
[Result "1/2-1/2"]
[WhiteElo "2450"]
[BlackElo "2480"]

1.d4 Nf6 2.c4 g6 3.Nc3 d5 4.cxd5 Nxd5 5.e4 Nxc3 6.bxc3 Bg7 7.Be3 c5 8.Rc1 Qa5
9.Qd2 e6 10.Nf3 O-O 11.Be2 Nd7 12.d5 exd5 13.exd5 b5 14.c4  1/2-1/2

[Event "Bratislava"]
[Site "Bratislava"]
[Date "1983.??.??"]
[Round "12"]
[White "Knaak, Rainer"]
[Black "Ftacnik, Lubomir"]
[Result "1-0"]
[WhiteElo "2490"]
[BlackElo "2535"]

1.d4 Nf6 2.c4 g6 3.Nc3 d5 4.cxd5 Nxd5 5.e4 Nxc3 6.bxc3 Bg7 7.Bc4 c5 8.Ne2 O-O
9.O-O Nc6 10.Be3 b6 11.dxc5 Qc7 12.Nd4 Ne5 13.Nb5 Qb8 14.Be2 a6 15.Na3 b5
16.Rb1 Bb7 17.Qc2 Nc6 18.Rfd1 Qe5 19.Nc4 Qxc3 20.Qxc3 Bxc3 21.Nb6 Rad8 22.Nd5 Be5
23.a4 e6 24.axb5 axb5 25.Bxb5 exd5 26.exd5 Ne7 27.d6 Nd5 28.Bg5 Nc3 29.Bxd8 Rxd8
30.Re1 Nxb1 31.Rxe5 Bc8 32.Re3 Be6 33.Rd3 Rb8 34.d7 Bxd7 35.Bxd7 Nc3 36.f3 Rb1+
37.Kf2 Rc1 38.Ke3 Kf8 39.Kd2 Na2 40.c6 Rc4 41.Rb3 Nb4 42.Rxb4  1-0

[Event "Elekes mem-A"]
[Site "Budapest"]
[Date "1983.??.??"]
[Round "?"]
[White "Navarovszky, Laszlo"]
[Black "Zsinka, Laszlo"]
[Result "1-0"]
[WhiteElo "2355"]
[BlackElo "2360"]

1.d4 Nf6 2.c4 g6 3.Nc3 d5 4.cxd5 Nxd5 5.e4 Nxc3 6.bxc3 Bg7 7.Be3 c5 8.Rc1 O-O
9.d5 Qa5 10.Qd2 f5 11.Bd3 fxe4 12.Bxe4 Bf5 13.Bf3 Nd7 14.g4 Bb1 15.c4 Qa3
16.Kf1 Qxa2 17.Qxa2 Bxa2 18.Kg2 a5 19.Nh3 a4 20.Ng5 a3 21.Ne6 Rxf3 22.Kxf3 Bxc4
23.Rxc4 Ne5+ 24.Ke2 Nxc4 25.Nxg7 Nxe3 26.Ne6 Nc2 27.Kd2 a2 28.Kxc2 a1=Q 29.Rxa1 Rxa1
30.Nxc5 Ra2+  1-0

[Event "DDR-ch 32th"]
[Site "Cottbus"]
[Date "1983.??.??"]
[Round "?"]
[White "Knaak, Rainer"]
[Black "Heinig, Wolfram"]
[Result "1-0"]
[WhiteElo "2505"]
[BlackElo "2320"]

1.d4 Nf6 2.c4 g6 3.Nc3 d5 4.cxd5 Nxd5 5.e4 Nxc3 6.bxc3 Bg7 7.Bc4 c5 8.Ne2 O-O
9.O-O Nc6 10.Be3 cxd4 11.cxd4 Na5 12.Bd3 b6 13.Rc1 e6 14.Qd2 Bb7 15.h4 f5
16.e5 Qd7 17.h5 Rfc8 18.hxg6 hxg6 19.Bh6 Nc6 20.Qg5 Bxh6 21.Qxh6 Qg7 22.Qg5 Nb4
23.Bb5 Rxc1 24.Rxc1 Nxa2 25.Re1 Nb4 26.Nf4 Kf7 27.Rc1 Rc8 28.Rxc8 Bxc8 29.Qd8  1-0